| 000 | 00469aam a2200169 4500 | ||
|---|---|---|---|
| 005 | 20250219160914.0 | ||
| 008 | 150421b2009 xxu||||| |||| 00| 0 spa d | ||
| 041 | _aESP | ||
| 082 | _aR 614.03 G643d | ||
| 100 | _aGonzález Pinto, Jorge Alberto | ||
| 245 | _aDiccionario de psicología clínica forense | ||
| 260 |
_aCosta Rica _bJurídica Continental _c2009 |
||
| 300 | _a496 páginas | ||
| 650 | _aPSICOLOGÍA FORENSE | ||
| 650 | _aDICCIONARIOS | ||
| 942 |
_cREF _2ddc |
||
| 999 |
_c4919 _d4919 |
||